[Event "ARG-ch sf 98th"]
[Site "Buenos Aires"]
[Date "2023.05.05"]
[Round "7"]
[White "Ibarra, Juan Martin"]
[Black "Pierrot, Juan Facundo"]
[Result "1/2-1/2"]
[WhiteElo "2182"]
[BlackElo "2346"]
[PlyCount "98"]
[EventDate "2023.04.29"]
[EventType "swiss"]
[EventRounds "9"]
[EventCountry "ARG"]
[SourceTitle "CBM 214 Extra"]
[Source "ChessBase"]
[SourceDate "2023.07.31"]
[SourceVersion "1"]
[SourceVersionDate "2023.07.31"]
[SourceQuality "1"]

1. e4 d5 2. exd5 Qxd5 3. Nc3 Qd8 4. d4 Nf6 5. Nf3 e6 6. Bg5 Be7 7. Bc4 a6 8. 0-0 Nc6 9. Re1 0-0 10. a3 b5 11. Bd3 Bb7 12. Qd2 g6 13. Bh6 Re8 14. Qf4 Nh5 15. Qg4 f5 16. Qh3 Nxd4 17. Nxd4 Qxd4 18. Rxe6 Ng7 19. Re2 Bf6 20. Rae1 Rxe2 21. Rxe2 c5 22. Rd2 Qe5 23. Be2 Ne6 24. Rd7 Bc6 25. Bf4 Ng5 26. Qg3 Qe6 27. Rd6 Bxc3 28. Qxc3 Qxe2 29. Bxg5 Qg4 30. Qg3 Re8 31. Be3 Be4 32. Qxg4 fxg4 33. c3 Rc8 34. h3 gxh3 35. gxh3 a5 36. Rb6 Bd3 37. Rb7 h5 38. h4 Kf8 39. Kh2 a4 40. Kg3 Rc6 41. Kf4 Bc4 42. Kg5 Ke8 43. Kh6 Kf8 44. Kg5 Ke8 45. Kh6 Kf8 46. Rb6 Rxb6 47. Bxc5+ Kf7 48. Bxb6 Bd3 49. Kg5 Ke6 1/2-1/2

[Event "ARG-ch U20"]
[Site "Buenos Aires"]
[Date "2023.02.20"]
[Round "8"]
[White "Ibarra, Juan Martin"]
[Black "Ruiz, Juan Ignacio"]
[Result "1-0"]
[WhiteElo "2171"]
[BlackElo "1916"]
[PlyCount "107"]
[EventDate "2023.02.17"]
[EventType "swiss"]
[EventRounds "9"]
[EventCountry "ARG"]
[SourceTitle "EXT 2024"]
[Source "ChessBase"]
[SourceDate "2023.10.10"]
[SourceVersion "1"]
[SourceVersionDate "2023.10.10"]
[SourceQuality "1"]

1. e4 e6 2. d4 d5 3. Bd3 Nf6 4. e5 Nfd7 5. f4 c5 6. c3 Nc6 7. Nf3 Qb6 8. Bc2 Be7 9. 0-0 g6 10. Kh1 Qc7 11. Be3 b6 12. Nbd2 Ba6 13. Re1 cxd4 14. Nxd4 Bh4 15. g3 Be7 16. b4 Rc8 17. Rc1 Bb7 18. N2f3 Ndb8 19. Bd3 a6 20. Qe2 Nxd4 21. cxd4 Qd8 22. Rxc8 Qxc8 23. Rc1 Qd8 24. Qc2 Bc6 25. a3 0-0 26. g4 Qc8 27. f5 exf5 28. gxf5 Bd7 29. Qf2 Qd8 30. f6 Bxf6 31. exf6 Qxf6 32. Ne5 Qe6 33. Bf4 a5 34. b5 Qe7 35. Rc3 Qe6 36. Qc2 Qh3 37. Qg2 Qe6 38. Be2 Be8 39. a4 Qf5 40. Bh6 f6 41. Bxf8 fxe5 42. Bd6 Nd7 43. Rf3 Qe6 44. dxe5 Bf7 45. Rf1 Nxe5 46. Bxe5 Qxe5 47. Qf3 Qe6 48. Qf6 Qe4+ 49. Qf3 Qe6 50. Qf6 Qe4+ 51. Bf3 Qe8 52. Bg2 d4 53. Qxd4 Qe6 54. Rxf7 1-0